Foreign terrorist organizations.

Provides access to the biennial compilations of the names of foreign terrorist organizations, as designated by the Secretary of State.

Bibliographic Details
Corporate Author: United States. Department of State. Office of the Coordinator for Counterterrorism
Format: Government Document Book
Language:English
Published: [Washington, D.C.] : U.S. Dept. of State, Counterterrorism Office, 1999-
Subjects:
Online Access:https://purl.fdlp.gov/GPO/LPS18290

MARC

Tag First Indicator Second Indicator Subfields
LEADER 00000cam a2200000K 4500
001 in00001678956
005 20220106085658.0
006 m d f
008 011207m19999999dcu s f000 0 eng d
029 0 |a N@F  |b 533045 
035 |a (OCoLC)ocm48558254 
040 |a N@F  |b eng  |c N@F  |d OCLCQ  |d GPO  |d MvI 
049 |a WWW 
074 |a 0876 (online) 
086 0 |a S 1.2:2002012628 
245 1 0 |a Foreign terrorist organizations. 
260 |a [Washington, D.C.] :  |b U.S. Dept. of State, Counterterrorism Office,  |c 1999- 
336 |a text  |b txt  |2 rdacontent 
337 |a computer  |b c  |2 rdamedia 
338 |a online resource  |b cr  |2 rdacarrier 
500 |a Title from title screen. 
516 |a Electronic data. 
520 |a Provides access to the biennial compilations of the names of foreign terrorist organizations, as designated by the Secretary of State. 
538 |a Mode of access: Internet from the Counterterrorism Office website. Address as of 3/19/02: http://www.state.gov/s/ct/rls/rpt/fto/; current access is available via PURL. 
650 0 |a Secret societies  |v Registers. 
650 0 |a Terrorism  |x Societies, etc.  |v Registers. 
653 |a Electronic publications 
710 1 |a United States.  |b Department of State.  |b Office of the Coordinator for Counterterrorism. 
856 4 0 |u https://purl.fdlp.gov/GPO/LPS18290  |t 0 
856 4 0 |u https://purl.fdlp.gov/GPO/LPS18290  |t 0 
999 f f |s 204b34d3-cf6f-30b8-9ca1-46eea2e53f51  |i f0dc7f68-c86c-3cd0-993f-5c2d70aff911  |t 0 
952 f f |a Texas A&M University  |b College Station  |c Electronic Resources  |d Available Online  |t 0  |e S 1.2:2002012628  |h Superintendent of Documents classification 
998 f f |a S 1.2:2002012628  |t 0  |l Available Online